Statistics for Famous Foursomes Quiz

Click here to take the quiz!

General Stats

  • This quiz has been taken 69,519 times
  • The average score is 12 of 18

Answer Stats

Famous Foursome% Correct
North, South, East & {West}
98%
Spring, {Summer}, Fall & Winter
98%
Air, Fire, Earth & {Water}
93%
Hearts, {Diamonds}, Spades & Clubs
92%
John, Paul, George & {Ringo}
91%
England, Scotland, {Wales} & Northern Ireland
85%
Something Old, Something New,
Something Borrowed, Something {Blue}
82%
Matthew, Mark, Luke & {John}
81%
Atlantic, Pacific, Indian & {Arctic}
74%
Sweet, Salty, Bitter & {Sour}
72%
Parsley, Sage, Rosemary & {Thyme}
69%
{Leonardo}, Michelangelo, Donatello & Raphael
68%
Australian Open, French Open,
{Wimbledon} & US Open
60%
Jerry, George, Elaine & {Kramer}
48%
Cumulus, Stratus, {Cirrus} & Cumulonimbus
28%
Carrie, Samantha, Charlotte & {Miranda}
24%
Reading, Pennsylvania, B&O & {Short Line}
17%
Choleric, Melancholic, Phlegmatic & {Sanguine}
12%

Score Distribution

Percentile by Number Answered

Percent of People with Each Score

Your Score History

You have not taken this quiz